[Event "Tradewise Gibraltar Master 2015"]
[Site "Gibraltar ENG"]
[Date "2015.01.30"]
[Round "4.41"]
[White "Al-Sayed, Mohammed"]
[Black "Salomon, Johan"]
[Result "1-0"]
[WhiteElo "2516"]
[BlackElo "2319"]
[PlyCount "189"]
[EventDate "2015.01.27"]
[EventType "swiss"]
[EventRounds "10"]
[EventCountry "ENG"]
[Source "lmi"]
[SourceDate "2015.01.27"]

1. Nf3 d5 2. d4 Nf6 3. c4 dxc4 4. e3 b5 5. a4 b4 6. Bxc4 e6 7. O-O Be7 8. Nbd2
O-O 9. Qe2 Nbd7 10. a5 c5 11. Nb3 Bb7 12. a6 Bxf3 13. Qxf3 cxd4 14. exd4 Nb6
15. Bd3 Qd5 16. Qxd5 Nfxd5 17. Bd2 Rfc8 18. Rfc1 h6 19. Bb5 Rxc1+ 20. Rxc1 Bg5
21. Bxg5 hxg5 22. Na5 Kf8 23. Rc5 Ke7 24. Bc6 Rc8 25. Bb7 Rxc5 26. dxc5 Na4 27.
Nc6+ Kd7 28. Nxa7 Nxc5 29. Nb5 Nb6 30. Kf1 e5 31. Ke2 f5 32. Kd2 Nb3+ 33. Kc2
Nc5 34. f3 Ke6 35. g4 g6 36. Kd1 Kd7 37. Ke2 Ke6 38. Kf1 Ke7 39. Kg2 Ke6 40.
Kg3 b3 41. Kf2 Nd3+ 42. Ke2 Nxb2 43. Nc3 N2c4 44. a7 b2 45. a8=Q Nxa8 46. Bd5+
Kd6 47. Bxc4 Nb6 48. Bd3 fxg4 49. fxg4 Kc5 50. Nd1 Kd4 51. Nxb2 e4 52. Ba6 Nd5
53. Nd1 Nf4+ 54. Kd2 Ng2 55. Bf1 Nh4 56. Ke2 Nf3 57. h3 Ke5 58. Bg2 Nd4+ 59.
Kf2 Kf4 60. Ne3 Ke5 61. Bf1 Ne6 62. Bb5 Nf4 63. Kg3 Kd4 64. Ng2 Nd5 65. Be8 Ne7
66. Kf2 Ke5 67. Ne3 Kd4 68. Ke2 Ke5 69. Bf7 Kf4 70. Nf1 Ke5 71. Ke3 Kf6 72. Bb3
Ke5 73. Nd2 Nf5+ 74. gxf5 gxf5 75. Bc2 g4 76. hxg4 fxg4 77. Bxe4 g3 78. Bg2 Kf5
79. Kd4 Ke6 80. Ne4 Kf5 81. Nxg3+ Ke6 82. Be4 Kd6 83. Bd5 Ke7 84. Ne4 Kf8 85.
Ke5 Kg7 86. Kf5 Kh6 87. Kf6 Kh7 88. Ng5+ Kh8 89. Nf7+ Kh7 90. Be4+ Kg8 91. Bd3
Kf8 92. Bh7 Ke8 93. Ne5 Kf8 94. Nd7+ Ke8 95. Ke6 1-0

[Event "Tradewise Gibraltar Master 2015"]
[Site "Gibraltar ENG"]
[Date "2015.01.30"]
[Round "4.42"]
[White "Donchenko, Alexander"]
[Black "Nuri, Kambez"]
[Result "1-0"]
[WhiteElo "2511"]
[BlackElo "2305"]
[PlyCount "43"]
[EventDate "2015.01.27"]
[EventType "swiss"]
[EventRounds "10"]
[EventCountry "ENG"]
[Source "lmi"]
[SourceDate "2015.01.27"]

1. d4 Nf6 2. c4 g6 3. g3 Bg7 4. Bg2 O-O 5. Nc3 d6 6. Nf3 Nbd7 7. O-O e5 8. e4
c6 9. h3 exd4 10. Nxd4 Re8 11. Be3 Nc5 12. Qc2 Qe7 13. Rfe1 a5 14. Rad1 Bd7 15.
Bf4 Rad8 16. Nb3 Bc8 17. Nxa5 d5 18. cxd5 cxd5 19. Bg5 Qc7 20. Bxf6 Bxf6 21.
Nxd5 Rxd5 22. exd5 1-0

[Event "Tradewise Gibraltar Master 2015"]
[Site "Gibraltar ENG"]
[Date "2015.01.30"]
[Round "4.43"]
[White "Guerrero Vargas, Andres"]
[Black "Debashis, Das"]
[Result "0-1"]
[WhiteElo "2320"]
[BlackElo "2503"]
[PlyCount "82"]
[EventDate "2015.01.27"]
[EventType "swiss"]
[EventRounds "10"]
[EventCountry "ENG"]
[Source "lmi"]
[SourceDate "2015.01.27"]

1. d4 d5 2. c4 e6 3. Nc3 Be7 4. Nf3 Nf6 5. Bf4 O-O 6. e3 Nbd7 7. Qc2 c6 8. h3
b6 9. cxd5 cxd5 10. Bd3 Bb7 11. O-O a6 12. a4 Bb4 13. Bg5 Qb8 14. Qb3 Be7 15.
Ne5 Nxe5 16. dxe5 Qxe5 17. Bf4 Qh5 18. Qxb6 Bc8 19. e4 dxe4 20. Nxe4 Nd5 21.
Qc6 Nxf4 22. Qxa8 Nxd3 23. Rfd1 Nxb2 24. Rdb1 Qd5 25. Qa7 Qxe4 26. Qxe7 Bb7 27.
f3 Qd4+ 28. Kh1 Bd5 29. Qd6 a5 30. Qc7 Nc4 31. Ra2 g6 32. Rc1 Nd2 33. Ra3 Nb3
34. Rb1 Qb4 35. Ra2 Rb8 36. Rab2 Rb7 37. Qd8+ Kg7 38. Rc2 Qe7 39. Qc8 Rb4 40.
Rc7 Qf8 41. Qd7 Nc5 0-1

[Event "Tradewise Gibraltar Master 2015"]
[Site "Gibraltar ENG"]
[Date "2015.01.30"]
[Round "4.44"]
[White "Wagner, Dennis"]
[Black "Tate, Alan"]
[Result "1-0"]
[WhiteElo "2501"]
[BlackElo "2297"]
[PlyCount "63"]
[EventDate "2015.01.27"]
[EventType "swiss"]
[EventRounds "10"]
[EventCountry "ENG"]
[Source "lmi"]
[SourceDate "2015.01.27"]

1. Nf3 c5 2. c4 Nf6 3. Nc3 d5 4. cxd5 Nxd5 5. e4 Nb4 6. Bc4 Nd3+ 7. Ke2 Nf4+ 8.
Kf1 Nd3 9. Qe2 Nxc1 10. Rxc1 a6 11. e5 e6 12. h4 Nc6 13. h5 h6 14. Rh3 b5 15.
Bd3 Bb7 16. Be4 Ra7 17. a4 b4 18. Nd1 Be7 19. Rg3 O-O 20. Bb1 Na5 21. Qe3 Kh8
22. d4 c4 23. Rxc4 f5 24. exf6 Rxf6 25. Qd3 Rf7 26. Ne5 Kg8 27. Ne3 Nxc4 28.
Nf5 Nd2+ 29. Qxd2 exf5 30. Qxh6 Bf6 31. Rxg7+ Bxg7 32. Qe6 1-0

[Event "Tradewise Gibraltar Master 2015"]
[Site "Gibraltar ENG"]
[Date "2015.01.30"]
[Round "4.45"]
[White "Svane, Rasmus"]
[Black "Olsarova, Tereza"]
[Result "1-0"]
[WhiteElo "2496"]
[BlackElo "2288"]
[PlyCount "57"]
[EventDate "2015.01.27"]
[EventType "swiss"]
[EventRounds "10"]
[EventCountry "ENG"]
[Source "lmi"]
[SourceDate "2015.01.27"]

1. d4 d5 2. c4 c6 3. Nf3 Nf6 4. Nc3 e6 5. Bg5 dxc4 6. e4 b5 7. e5 h6 8. Bh4 g5
9. Nxg5 hxg5 10. Bxg5 Nbd7 11. g3 Qb6 12. exf6 Bb7 13. Bg2 O-O-O 14. O-O c5 15.
d5 b4 16. Na4 Qb5 17. a3 exd5 18. axb4 cxb4 19. Bf4 Nc5 20. Nxc5 Bxc5 21. Re1
Rde8 22. Re5 Bxf2+ 23. Kxf2 Qb6+ 24. Kf1 Rxh2 25. Qe2 Bc6 26. Re7 d4 27. Raxa7
d3 28. Rac7+ Kd8 29. Red7+ 1-0

[Event "Tradewise Gibraltar Master 2015"]
[Site "Gibraltar ENG"]
[Date "2015.01.30"]
[Round "4.46"]
[White "Frisk, Ellinor"]
[Black "Shyam, Sundar M"]
[Result "0-1"]
[WhiteElo "2266"]
[BlackElo "2489"]
[PlyCount "100"]
[EventDate "2015.01.27"]
[EventType "swiss"]
[EventRounds "10"]
[EventCountry "ENG"]
[Source "lmi"]
[SourceDate "2015.01.27"]

1. Nf3 d5 2. c4 d4 3. b4 g5 4. d3 g4 5. Nfd2 e5 6. Qb3 a5 7. b5 Nd7 8. e3 Nc5
9. Qc2 Bf5 10. e4 Be6 11. Nb3 a4 12. Nxc5 Bxc5 13. Be2 Ne7 14. Bg5 Rg8 15. Bxe7
Qxe7 16. Nd2 h5 17. O-O Qg5 18. Qc1 h4 19. Nb1 Qxc1 20. Rxc1 c6 21. bxc6 bxc6
22. Nd2 Bb4 23. Rc2 Kd7 24. Kf1 Rgb8 25. Ke1 Bc3 26. Rac1 Ra7 27. Kd1 Bb2 28.
Rb1 Rab7 29. Bf1 c5 30. Ke2 Kd6 31. f3 a3 32. fxg4 Bxg4+ 33. Nf3 Bd7 34. Kf2
Ba4 35. Re2 Bc3 36. Rxb7 Rxb7 37. Kg1 Rb2 38. Nxh4 Bb3 39. Nf5+ Kd7 40. h4 Rxa2
41. h5 Rxe2 42. h6 Re1 43. h7 Rxf1+ 44. Kh2 a2 45. h8=Q a1=Q 46. Ng3 Rf4 47.
Qh3+ Kc7 48. Qh8 Qa6 49. Nf5 Rxf5 50. exf5 Bd2 0-1

[Event "Tradewise Gibraltar Master 2015"]
[Site "Gibraltar ENG"]
[Date "2015.01.30"]
[Round "4.47"]
[White "Ducarmon, Quinten"]
[Black "Semprun Martinez, Fernando"]
[Result "1-0"]
[WhiteElo "2488"]
[BlackElo "2253"]
[PlyCount "69"]
[EventDate "2015.01.27"]
[EventType "swiss"]
[EventRounds "10"]
[EventCountry "ENG"]
[Source "lmi"]
[SourceDate "2015.01.27"]

1. e4 e5 2. Nf3 Nc6 3. Bb5 Nf6 4. d3 Bc5 5. Bxc6 dxc6 6. Nbd2 Be6 7. O-O Nd7 8.
Nb3 Be7 9. d4 exd4 10. Nfxd4 Bc4 11. Re1 O-O 12. Bf4 Nc5 13. Na5 Ba6 14. Nf5
Ne6 15. Qxd8 Bxd8 16. Be3 Bf6 17. c3 Rfd8 18. Rad1 Kf8 19. f3 c5 20. Nb3 b6 21.
Kf2 g6 22. Nh6 Bg7 23. h4 Bc4 24. Nc1 a5 25. h5 a4 26. hxg6 hxg6 27. g3 Ke7 28.
Ng4 a3 29. b3 Ba6 30. e5 c4 31. b4 c5 32. bxc5 Nxc5 33. Bg5+ Ke8 34. Bxd8 Rxd8
35. Nf6+ 1-0

[Event "Tradewise Gibraltar Master 2015"]
[Site "Gibraltar ENG"]
[Date "2015.01.30"]
[Round "4.48"]
[White "Amgalanbaatar, Ravdanlkhumbuu"]
[Black "Tari, Aryan"]
[Result "0-1"]
[WhiteElo "2117"]
[BlackElo "2487"]
[PlyCount "72"]
[EventDate "2015.01.27"]
[EventType "swiss"]
[EventRounds "10"]
[EventCountry "ENG"]
[Source "lmi"]
[SourceDate "2015.01.27"]

1. e4 c6 2. d3 d5 3. Nd2 e5 4. Ngf3 Bd6 5. Be2 Nf6 6. O-O O-O 7. b3 Re8 8. Bb2
a5 9. a3 Nbd7 10. Re1 Qc7 11. h3 b6 12. Nh2 Bb7 13. Bf3 Rad8 14. Ndf1 dxe4 15.
dxe4 Nf8 16. Qc1 Ne6 17. c3 c5 18. g3 c4 19. b4 Be7 20. Bg2 Rd3 21. h4 Red8 22.
Qc2 Bf8 23. Bc1 h6 24. Nd2 b5 25. Bf1 R3d7 26. Bh3 Rd6 27. Ng4 Nxg4 28. Bxg4
Bc8 29. Be2 Nf4 30. gxf4 Rg6+ 31. Kh1 Rxd2 32. Qxd2 Qe7 33. Bg4 Qxh4+ 34. Kg2
Qxg4+ 35. Kf1 Qg2+ 36. Ke2 Bg4+ 0-1

[Event "Tradewise Gibraltar Master 2015"]
[Site "Gibraltar ENG"]
[Date "2015.01.30"]
[Round "4.49"]
[White "Baert, Andy"]
[Black "Smith, Axel"]
[Result "1/2-1/2"]
[WhiteElo "2114"]
[BlackElo "2483"]
[PlyCount "180"]
[EventDate "2015.01.27"]
[EventType "swiss"]
[EventRounds "10"]
[EventCountry "ENG"]
[Source "lmi"]
[SourceDate "2015.01.27"]

1. d4 e6 2. c4 Bb4+ 3. Nc3 b6 4. e4 Bb7 5. Bd3 f5 6. f3 Nh6 7. Nge2 fxe4 8.
fxe4 O-O 9. a3 Bxc3+ 10. Nxc3 Nc6 11. Be3 e5 12. d5 Nd4 13. Qh5 Qe8 14. Qxe8
Raxe8 15. h3 c6 16. O-O-O Nf7 17. Bc2 c5 18. Rdf1 Nd6 19. b3 Rb8 20. a4 a6 21.
Bd1 Rxf1 22. Rxf1 Bc8 23. Bg5 Nf7 24. Be7 Bb7 25. Kb2 d6 26. Bg4 Re8 27. Bh4
Bc8 28. Bxc8 Rxc8 29. Bf2 Rb8 30. Be3 g6 31. h4 h5 32. Rf2 Kg7 33. Bd2 Rb7 34.
Be3 Nd8 35. Bg5 Nf7 36. Be3 Rd7 37. Rf1 Nd8 38. Bg5 Nb7 39. Nb1 Nd8 40. Nc3 Nf7
41. Be3 Re7 42. Rf2 Ra7 43. Rf1 Rd7 44. Rf2 Nd8 45. Bg5 Nb7 46. Nb1 Rf7 47.
Rxf7+ Kxf7 48. Nd2 Ne2 49. Kc2 Nf4 50. g3 Ne2 51. Kd3 Nd4 52. Be3 Ke7 53. Bg5+
Ke8 54. Be3 Nd8 55. Bg5 Nf7 56. Be3 Ke7 57. Bf2 g5 58. Be3 gxh4 59. gxh4 Kd7
60. Bf2 Nh8 61. Be3 Ng6 62. Bg5 Kc7 63. Ke3 Kd7 64. Nf1 Nxb3 65. Ng3 Nf4 66.
Bxf4 exf4+ 67. Kxf4 Nd2 68. Nxh5 Nxc4 69. Nf6+ Ke7 70. Ng4 b5 71. axb5 axb5 72.
Ne3 Ne5 73. Nf5+ Kd7 74. Ke3 b4 75. Kd2 c4 76. h5 Nf3+ 77. Kc2 b3+ 78. Kc3 Ng5
79. Ng3 Ke8 80. Kb2 Kf7 81. Nf5 Nxe4 82. Ne3 Nd2 83. Kc3 Ne4+ 84. Kb2 Kf6 85.
Nxc4 Kg5 86. Kxb3 Kxh5 87. Kb4 Nf6 88. Nxd6 Nxd5+ 89. Kc5 Ne3 90. Nc4 Nxc4
1/2-1/2

[Event "Tradewise Gibraltar Master 2015"]
[Site "Gibraltar ENG"]
[Date "2015.01.30"]
[Round "4.50"]
[White "Verneuil, Pascal"]
[Black "Pichot, Alan"]
[Result "0-1"]
[WhiteElo "2093"]
[BlackElo "2480"]
[PlyCount "164"]
[EventDate "2015.01.27"]
[EventType "swiss"]
[EventRounds "10"]
[EventCountry "ENG"]
[Source "lmi"]
[SourceDate "2015.01.27"]

1. e4 c5 2. b3 g6 3. Bb2 Nf6 4. e5 Nd5 5. Bc4 Nb6 6. e6 f6 7. exd7+ Bxd7 8. Qe2
Bg7 9. Na3 Bc6 10. f3 Nxc4 11. Nxc4 O-O 12. Nh3 e5 13. Nf2 Na6 14. O-O Nb4 15.
Ne3 b6 16. a3 Nd5 17. Nxd5 Qxd5 18. Ng4 Rad8 19. d3 Rfe8 20. Ne3 Qd7 21. Rad1
Qc7 22. Rfe1 Re6 23. Qd2 h5 24. Qc3 Qe7 25. b4 Bf8 26. Qb3 Qf7 27. b5 Ba8 28.
Re2 Bh6 29. Rde1 Kh7 30. Nf1 Qd7 31. Bc3 Bd5 32. Qb2 Rde8 33. Ne3 Bb7 34. Nc4
Rg8 35. Bd2 g5 36. a4 Bd5 37. Kf2 g4 38. Bxh6 gxf3 39. gxf3 Kxh6 40. Qc1+ Kh7
41. Nd2 Re7 42. Ne4 Bxe4 43. dxe4 Reg7 44. Rd1 Rg2+ 45. Ke3 Rxe2+ 46. Kxe2 Rg2+
47. Ke3 Qh3 48. Rd8 Qxh2 49. Qd1 Qf4+ 50. Kd3 f5 51. Kc3 Rg7 52. Kb2 c4 53. Rf8
c3+ 54. Kb3 Qd2 55. Qh1 Rg5 56. Rxf5 Rxf5 57. exf5 Qd7 58. Qe1 Qxf5 59. Qxc3
Kg7 60. Kb2 Qf6 61. Kc1 h4 62. Kd1 Kg6 63. Ke2 e4 64. Qc6 exf3+ 65. Kf2 Kg5 66.
Qd5+ Kg4 67. Qc4+ Qf4 68. Qe6+ Qf5 69. Qc4+ Kh5 70. Qc6 h3 71. Qe8+ Kg4 72.
Qg8+ Kf4 73. Qc4+ Ke5 74. Qc7+ Kd4 75. c3+ Kd3 76. a5 Qe4 77. Qd6+ Kc2 78. Kg3
h2 79. Kxh2 Qe2+ 80. Kh3 f2 81. Qg6+ Qd3+ 82. Qxd3+ Kxd3 0-1

[Event "Tradewise Gibraltar Master 2015"]
[Site "Gibraltar ENG"]
[Date "2015.01.30"]
[Round "4.51"]
[White "Suez-Panama, Gilles"]
[Black "Melia, Salome"]
[Result "0-1"]
[WhiteElo "2030"]
[BlackElo "2473"]
[PlyCount "84"]
[EventDate "2015.01.27"]
[EventType "swiss"]
[EventRounds "10"]
[EventCountry "ENG"]
[Source "lmi"]
[SourceDate "2015.01.27"]

1. Nf3 Nf6 2. b3 g6 3. Bb2 Bg7 4. d4 O-O 5. Nbd2 c5 6. e4 cxd4 7. Bxd4 Nc6 8.
Bb2 Qa5 9. Bd3 Nxe4 10. Bxg7 Nxd2 11. Nxd2 Kxg7 12. O-O d6 13. Nc4 Qc5 14. Re1
Bf5 15. Bxf5 Qxf5 16. Ne3 Qg5 17. b4 Rfd8 18. Nd5 e6 19. Nc3 d5 20. b5 Na5 21.
Qd4+ Qf6 22. Qb4 Nc4 23. Rad1 Rac8 24. Rd3 Rc7 25. b6 axb6 26. Nb5 Rc5 27. Nd4
e5 28. Rf3 Qd6 29. Nb3 Rcc8 30. Qc3 d4 31. Qd3 Qd5 32. Rh3 h5 33. Rh4 Nd6 34.
g4 hxg4 35. Rxg4 Rh8 36. Rd1 Qe6 37. Rg2 Nf5 38. Re1 Rh4 39. Re4 Rc3 40. Qe2
Rxe4 41. Qxe4 Nd6 42. Qe2 Qf5 0-1

[Event "Tradewise Gibraltar Master 2015"]
[Site "Gibraltar ENG"]
[Date "2015.01.30"]
[Round "4.52"]
[White "Trent, Lawrence"]
[Black "Kandic, Milan"]
[Result "1-0"]
[WhiteElo "2470"]
[BlackElo "2101"]
[PlyCount "59"]
[EventDate "2015.01.27"]
[EventType "swiss"]
[EventRounds "10"]
[EventCountry "ENG"]
[Source "lmi"]
[SourceDate "2015.01.27"]

1. e4 c5 2. Nf3 Nc6 3. Bb5 g6 4. O-O Bg7 5. Re1 e5 6. a3 Nge7 7. b4 Nd4 8. Nc3
a6 9. Bc4 d6 10. h3 O-O 11. d3 Be6 12. Bxe6 Nxe6 13. Rb1 b5 14. Nd5 Nxd5 15.
exd5 Nd4 16. bxc5 dxc5 17. c4 Nxf3+ 18. Qxf3 Rb8 19. Bd2 Qd6 20. Qd1 Rfe8 21.
Qc2 Rec8 22. Ba5 Kh8 23. Re2 bxc4 24. dxc4 Rxb1+ 25. Qxb1 Rb8 26. Rb2 Rxb2 27.
Qxb2 e4 28. Qb7 f5 29. Bc7 Qf6 30. Qb8+ 1-0

[Event "Tradewise Gibraltar Master 2015"]
[Site "Gibraltar ENG"]
[Date "2015.01.30"]
[Round "4.53"]
[White "Bartel, Mateusz"]
[Black "Povah, Nigel E"]
[Result "1-0"]
[WhiteElo "2631"]
[BlackElo "2324"]
[PlyCount "53"]
[EventDate "2015.01.27"]
[EventType "swiss"]
[EventRounds "10"]
[EventCountry "ENG"]
[Source "lmi"]
[SourceDate "2015.01.27"]

1. e4 c5 2. Nf3 Nc6 3. Bb5 Nf6 4. Qe2 g6 5. c3 Bg7 6. O-O O-O 7. h3 d5 8. d3
Bd7 9. Bg5 a6 10. Ba4 b5 11. Bc2 dxe4 12. dxe4 Qc7 13. Qe3 Nd8 14. Rd1 Bc8 15.
a4 Bb7 16. Na3 b4 17. Bf4 e5 18. Bxe5 Ng4 19. hxg4 Bxe5 20. Nxe5 Qxe5 21. Nc4
Qc7 22. Nd6 Bc8 23. g5 Nb7 24. e5 Kg7 25. Be4 Rb8 26. cxb4 cxb4 27. Rac1 1-0

[Event "Tradewise Gibraltar Master 2015"]
[Site "Gibraltar ENG"]
[Date "2015.01.30"]
[Round "4.55"]
[White "Sorm, Daniel"]
[Black "Harika, Dronavalli"]
[Result "1/2-1/2"]
[WhiteElo "2319"]
[BlackElo "2496"]
[PlyCount "64"]
[EventDate "2015.01.27"]
[EventType "swiss"]
[EventRounds "10"]
[EventCountry "ENG"]
[Source "lmi"]
[SourceDate "2015.01.27"]

1. d4 d5 2. c4 e6 3. Nc3 c6 4. e4 dxe4 5. Nxe4 Bb4+ 6. Bd2 Qxd4 7. Bxb4 Qxe4+
8. Ne2 Na6 9. Bd6 e5 10. Qd2 Bf5 11. f3 Qd3 12. Ng3 Qxd2+ 13. Kxd2 Bg6 14. Bxe5
f6 15. Bf4 Ne7 16. Kc3 Kf7 17. Rd1 Rad8 18. Be2 Nc5 19. Be3 Ne6 20. Rxd8 Rxd8
21. b4 b6 22. Re1 Nc7 23. Bd2 Ne6 24. Be3 Kf8 25. Rd1 Ke8 26. a4 Rxd1 27. Bxd1
Kd8 28. Ne2 Bf7 29. Nd4 Nc7 30. Bd2 g6 31. Be2 Be8 32. g4 Bd7 1/2-1/2

[Event "Tradewise Gibraltar Master 2015"]
[Site "Gibraltar ENG"]
[Date "2015.01.30"]
[Round "4.56"]
[White "Rydstrom, Tom"]
[Black "Raznikov, Danny"]
[Result "1-0"]
[WhiteElo "2292"]
[BlackElo "2494"]
[PlyCount "113"]
[EventDate "2015.01.27"]
[EventType "swiss"]
[EventRounds "10"]
[EventCountry "ENG"]
[Source "lmi"]
[SourceDate "2015.01.27"]

1. e4 c5 2. Nf3 d6 3. d4 cxd4 4. Nxd4 Nf6 5. Nc3 a6 6. Be3 Ng4 7. Bc1 Nf6 8.
Be3 e5 9. Nf3 Be7 10. Be2 O-O 11. a4 Nc6 12. O-O h6 13. Nd2 Be6 14. Nc4 Nb4 15.
Nb6 Rb8 16. a5 d5 17. exd5 Nfxd5 18. Ncxd5 Nxd5 19. Nxd5 Qxd5 20. Qxd5 Bxd5 21.
Rfd1 Be6 22. Bb6 Rfc8 23. c3 f5 24. f4 exf4 25. Bf3 Kf7 26. Ra4 Bb3 27. Bd5+
Bxd5 28. Rxd5 Ke6 29. Rad4 g5 30. Kf1 Rc6 31. Rd7 Rd6 32. R4xd6+ Bxd6 33. Rh7
Kd5 34. Rxh6 Be5 35. Rh7 Rh8 36. Rxb7 Rxh2 37. b4 Kc6 38. Rf7 Rh1+ 39. Ke2 Rh2
40. Rxf5 Kd6 41. Rxg5 Bxc3 42. Bc5+ Kc6 43. Kf3 Rh1 44. Rg6+ Kb5 45. Kxf4 Rf1+
46. Ke3 Bf6 47. Rg8 Re1+ 48. Kf3 Be5 49. Re8 Rf1+ 50. Ke2 Rf5 51. g4 Rg5 52.
Kf3 Bc7 53. Rc8 Rg7 54. Rf8 Kc4 55. Rf6 Kb5 56. Rf8 Kc6 57. g5 1-0

[Event "Tradewise Gibraltar Master 2015"]
[Site "Gibraltar ENG"]
[Date "2015.01.30"]
[Round "4.57"]
[White "Georgiadis, Nico"]
[Black "Galmandakh, Badrakh"]
[Result "1/2-1/2"]
[WhiteElo "2490"]
[BlackElo "2240"]
[PlyCount "163"]
[EventDate "2015.01.27"]
[EventType "swiss"]
[EventRounds "10"]
[EventCountry "ENG"]
[Source "lmi"]
[SourceDate "2015.01.27"]

1. e4 d6 2. d4 Nf6 3. Nc3 e5 4. Nf3 Nbd7 5. Bc4 Be7 6. O-O O-O 7. a4 a5 8. Re1
c6 9. h3 Qc7 10. Be3 exd4 11. Nxd4 Nb6 12. Bb3 Nfd7 13. Nf5 Nc5 14. Bd4 Bxf5
15. exf5 Kh8 16. Qg4 f6 17. Be6 d5 18. b3 Bd6 19. Bxc5 Bxc5 20. Ne2 Bd6 21.
Rad1 Rae8 22. Nd4 Bb4 23. Re2 Nd7 24. Bxd7 Rxe2 25. Qxe2 Qxd7 26. Ne6 Re8 27.
c4 g6 28. cxd5 cxd5 29. Qd3 gxf5 30. Nf4 d4 31. Qxd4 Re1+ 32. Rxe1 Qxd4 33.
Re8+ Kg7 34. Ne6+ Kf7 35. Nxd4 Kxe8 36. Nxf5 Kd7 37. Kf1 Ke6 38. Nd4+ Ke5 39.
Nc2 Bc5 40. Ke2 Ke4 41. g3 Bd6 42. f3+ Kd5 43. Ne3+ Kc5 44. Nf5 Bc7 45. Kd3 Kb4
46. Kc2 Bb6 47. h4 Bc5 48. h5 Bf2 49. g4 b5 50. axb5 Kxb5 51. Nd6+ Kb4 52. Ne8
Bd4 53. Nc7 Be5 54. Ne6 Bd6 55. Nd4 Bc7 56. Ne6 Bd6 57. Nd4 Bc7 58. Ne2 Be5 59.
f4 Bc7 60. Nc3 Bd8 61. Ne4 h6 62. Nf2 Kc5 63. g5 fxg5 64. fxg5 Kd5 65. g6 Bf6
66. Ng4 Bg7 67. Kd3 Bf8 68. Ke3 Ke6 69. Ke4 Bg7 70. Ne3 Bc3 71. Nf5 Bd2 72.
Nd4+ Kf6 73. Kd5 Be3 74. Ne6 Bd2 75. Nd4 Bc3 76. Ne6 Bb2 77. Kd6 Ba3+ 78. Kd7
Bb2 79. Kd6 Ba3+ 80. Nc5 Bb2 81. Kd5 Kf5 82. Ne6 1/2-1/2

[Event "Tradewise Gibraltar Master 2015"]
[Site "Gibraltar ENG"]
[Date "2015.01.30"]
[Round "4.58"]
[White "Javakhishvili, Lela"]
[Black "Spence, David J"]
[Result "1-0"]
[WhiteElo "2486"]
[BlackElo "2231"]
[PlyCount "57"]
[EventDate "2015.01.27"]
[EventType "swiss"]
[EventRounds "10"]
[EventCountry "ENG"]
[Source "lmi"]
[SourceDate "2015.01.27"]

1. d4 e6 2. c4 Nf6 3. Nf3 b6 4. g3 Ba6 5. Qc2 Bb4+ 6. Bd2 Be7 7. e4 O-O 8. e5
Ne8 9. Bg2 c6 10. h4 h6 11. Ng5 g6 12. Nh3 Kg7 13. Nf4 Rg8 14. b3 d6 15. Nc3
dxe5 16. dxe5 Nd7 17. Ne4 Qc7 18. Nd3 Rd8 19. h5 g5 20. f4 g4 21. O-O f5 22.
exf6+ Nexf6 23. Bc3 Kf8 24. Nxf6 Nxf6 25. Ne5 Bc5+ 26. Kh2 Nxh5 27. f5 Rg5 28.
fxe6+ Kg8 29. Rf7 1-0

[Event "Tradewise Gibraltar Master 2015"]
[Site "Gibraltar ENG"]
[Date "2015.01.30"]
[Round "4.59"]
[White "Zhukova, Natalia"]
[Black "Byron, Alan M"]
[Result "1-0"]
[WhiteElo "2482"]
[BlackElo "2188"]
[PlyCount "127"]
[EventDate "2015.01.27"]
[EventType "swiss"]
[EventRounds "10"]
[EventCountry "ENG"]
[Source "lmi"]
[SourceDate "2015.01.27"]

1. d4 Nf6 2. c4 d6 3. Nc3 Nbd7 4. e4 e5 5. Nf3 c6 6. Be2 Be7 7. O-O O-O 8. Re1
Re8 9. d5 c5 10. a3 g6 11. b4 b6 12. Nd2 Rf8 13. Nf1 Ne8 14. Bh6 Ng7 15. Qd2
Kh8 16. Reb1 Nf6 17. Rb3 Ng8 18. Be3 f5 19. f3 Nf6 20. bxc5 bxc5 21. Rab1 Ba6
22. Qc2 Qd7 23. R3b2 f4 24. Bf2 g5 25. Qa4 Qxa4 26. Nxa4 Nd7 27. Nd2 Bd8 28.
Nc3 Ne8 29. Nb5 Bc8 30. Nb3 Kg7 31. Be1 a6 32. Nc3 Kf7 33. Na4 a5 34. Nc1 Ba6
35. Na2 Ke7 36. N2c3 Rg8 37. Bf1 h6 38. Kh1 Rf8 39. Be2 Rg8 40. Nb5 Rf8 41. Bf1
Rg8 42. g3 Ndf6 43. gxf4 exf4 44. Bc3 g4 45. Bg2 Rg5 46. Rf1 g3 47. hxg3 Rxg3
48. Bxf6+ Nxf6 49. e5 dxe5 50. Nxc5 Bb6 51. d6+ Kf7 52. Nxa6 Rxa6 53. Nc7 Bd4
54. Nxa6 Bxb2 55. c5 Bxa3 56. Rd1 Ke6 57. Kh2 h5 58. Bh3+ Kf7 59. d7 Nxd7 60.
Rxd7+ Kf6 61. c6 Rxf3 62. c7 Rc3 63. Rd1 Rc2+ 64. Kh1 1-0

[Event "Tradewise Gibraltar Master 2015"]
[Site "Gibraltar ENG"]
[Date "2015.01.30"]
[Round "4.60"]
[White "Das, Arghyadip"]
[Black "Heinemann, Josefine"]
[Result "1/2-1/2"]
[WhiteElo "2476"]
[BlackElo "2160"]
[PlyCount "101"]
[EventDate "2015.01.27"]
[EventType "swiss"]
[EventRounds "10"]
[EventCountry "ENG"]
[Source "lmi"]
[SourceDate "2015.01.27"]

1. e4 c5 2. Nc3 Nc6 3. Bb5 Nd4 4. Nf3 Nxb5 5. Nxb5 d6 6. d4 Nf6 7. Nc3 cxd4 8.
Qxd4 e6 9. Bg5 h6 10. Bh4 Be7 11. O-O-O a6 12. Rhe1 Qc7 13. Bxf6 gxf6 14. Na4
b5 15. Nb6 Rb8 16. Nxc8 Rxc8 17. Qd2 h5 18. Kb1 Bf8 19. Nd4 Rg8 20. f4 Bh6 21.
g3 Ke7 22. Re3 Qb6 23. Rd3 h4 24. Nf3 hxg3 25. hxg3 Rxg3 26. Rxd6 Qb8 27. Qb4
Ke8 28. Qe1 Rxf3 29. Qh1 Rf2 30. Rxe6+ fxe6 31. Qxh6 Rd8 32. Qh8+ Ke7 33. Qh7+
Ke8 34. Qg8+ Ke7 35. Qh7+ Ke8 36. Rg1 Rg2 37. Qh5+ Kd7 38. Rxg2 Qxf4 39. Qe2
Kc6 40. a4 Rd4 41. axb5+ axb5 42. Rg4 Qd2 43. Qxd2 Rxd2 44. Rf4 Rd1+ 45. Ka2
Rd4 46. Rxf6 Rxe4 47. Kb3 Kd5 48. Rf8 Rh4 49. Rd8+ Kc5 50. Rc8+ Kd5 51. Rd8+
1/2-1/2

[Event "Tradewise Gibraltar Master 2015"]
[Site "Gibraltar ENG"]
[Date "2015.01.30"]
[Round "4.61"]
[White "Urbina Perez, Juan Antonio"]
[Black "Adla, Diego"]
[Result "1/2-1/2"]
[WhiteElo "2221"]
[BlackElo "2469"]
[PlyCount "81"]
[EventDate "2015.01.27"]
[EventType "swiss"]
[EventRounds "10"]
[EventCountry "ENG"]
[Source "lmi"]
[SourceDate "2015.01.27"]

1. e4 c5 2. Nf3 g6 3. d4 cxd4 4. Nxd4 Bg7 5. Nb3 Nc6 6. Be2 Nf6 7. Nc3 O-O 8.
O-O a6 9. Bg5 b5 10. a3 d6 11. f4 Bb7 12. Bf3 Nd7 13. Qd2 Nb6 14. Rab1 Nc4 15.
Qd3 Qb6+ 16. Kh1 e6 17. Nd1 a5 18. Bh4 b4 19. Bf2 Qc7 20. Nd2 Nxd2 21. Qxd2
Rfd8 22. c3 Ba6 23. Be2 Bxe2 24. Qxe2 Rab8 25. axb4 axb4 26. Ne3 bxc3 27. bxc3
Na5 28. f5 Re8 29. fxe6 fxe6 30. Rxb8 Qxb8 31. Qa2 Bxc3 32. Be1 Bxe1 33. Rxe1
Qd8 34. Rf1 Kg7 35. h3 h5 36. Qb2+ e5 37. Qb5 Re7 38. Nd5 Rb7 39. Qa6 Rb2 40.
Qa7+ Rb7 41. Qa6 1/2-1/2

[Event "Tradewise Gibraltar Master 2015"]
[Site "Gibraltar ENG"]
[Date "2015.01.30"]
[Round "4.62"]
[White "Almagro Llamas, Pablo"]
[Black "Krockenberger, Martin"]
[Result "1-0"]
[WhiteElo "2469"]
[BlackElo "2152"]
[PlyCount "79"]
[EventDate "2015.01.27"]
[EventType "swiss"]
[EventRounds "10"]
[EventCountry "ENG"]
[Source "lmi"]
[SourceDate "2015.01.27"]

1. e4 e6 2. d4 d5 3. Nc3 Bb4 4. e5 c5 5. a3 Bxc3+ 6. bxc3 Ne7 7. h4 Nbc6 8. h5
Qa5 9. Bd2 h6 10. Nf3 Bd7 11. Qb1 c4 12. a4 O-O-O 13. Qb2 Kb8 14. g3 Nc8 15.
Bh3 Nb6 16. Qa3 Bc8 17. O-O Nd7 18. Be3 Ka8 19. Nh4 Nf8 20. f4 g6 21. g4 gxh5
22. gxh5 Nh7 23. Kh2 Rdg8 24. Rg1 Qd8 25. Nf3 Qe7 26. Qxe7 Nxe7 27. f5 Rxg1 28.
Rxg1 Nxf5 29. Bxf5 exf5 30. Bxh6 Kb8 31. Bg7 Rg8 32. h6 f4 33. Ng5 Bf5 34. Nxh7
Bxh7 35. Rf1 Bxc2 36. Rxf4 Re8 37. Rxf7 Bg6 38. Rf6 Be4 39. Bf8 Kc8 40. e6 1-0